Vírus / (Record no. 169)

MARC details
000 -LÍDER
campo de controle de tamanho fixo 01707nam a22003257a 4500
001 - NÚMERO DE CONTROLE
campo de controle 169
003 - IDENTIFICADOR DO NÚMERO DE CONTROLE
campo de controle OSt
005 - DATA E HORÁRIO DA ÚLTIMA TRANSAÇÃO
campo de controle 20250528074013.0
008 - CAMPO DE DADOS FIXOS--INFORMAÇÃO GERAL
campo de controle de tamanho fixo 250130b |||||||g |||| 00| 1 eng d
020 ## - ISBN - INTERNATIONAL STANDARD BOOK NUMBER
ISBN - International Standard Book Number 8501031771
040 ## - FONTE DA CATALOGAÇÃO
Idioma da catalogação por
041 ## - CÓDIGO DE IDIOMA
Código do idioma do original e/ou traduções intermediárias do texto eng
Código do idioma do texto/trilha sonora ou título diferente por
082 ## - CDD - CLASSIFICAÇÃO DECIMAL DE DEWEY
Número de Classificação 813
Número do exemplar C771.1vi
100 1# - ENTRADA PRINCIPAL--NOME PESSOAL
Nome pessoal Cook, Robin,
Datas associadas ao nome 1940-
9 (RLIN) 318
240 ## - TÍTULO UNIFORME
Título uniforme Outbreak
245 ## - TÍTULO
Título Vírus /
Indicação de responsabilidade, etc. Cook, Robin ; Tradução de cristina Magalhâes Machado
260 ## - PUBLICAÇÃO, DISTRIBUIÇÃO, ETC.
Local de publicação, distribuição, etc. Rio de Janeiro
Nome do editor, distribuidor, etc. Record
Data da publicação, distribuição, etc. 1997
300 ## - DESCRIÇÃO FÍSICA
Extensão 300 p.
490 1# - TÍTULO DA SÉRIE
Título da série Jack Stapleton & Laurie Montgomery
520 ## - NOTA DE RESUMO, ETC.
Resumo, etc. Num centro médico da cidade de Los Angeles morrem várias pessoas contaminadas com um terrível vírus, quase sempre fatal, que se propaga com extrema facilidade e rapidez: o Ebola. E, tragicamente, o mesmo cenário repete-se em diversos centros médicos espalhados por todo o país. Incunbida de investigar a fonte de contágio do vírus a Dra. Marissa Blumenthel, do Centro de Controlo de Doenças de Atlanta vai, ao mesmo tempo, tentar encontrar, o mais depressa possível, a cura antes que o vírus que até então só surgiu nos centros médicos, saia para as ruas o que seria catastrófico. Numa situação tão dramática como esta a Dra. Marissa vai surpreender-se ao descobrir que há, por entre os seus superiores, pessoas interessadas em que a verdade não venha ao de cima e vai ficar a conhecer um terrível segredo médico.
650 #0 - ASSUNTO--TERMO TÓPICO
Cabeçalho tópico ou nome geográfico Literatura Americana
9 (RLIN) 84
650 #0 - ASSUNTO--TERMO TÓPICO
Cabeçalho tópico ou nome geográfico Medicina
9 (RLIN) 319
650 #0 - ASSUNTO--TERMO TÓPICO
Cabeçalho tópico ou nome geográfico Ficção Científica
9 (RLIN) 63
650 #0 - ASSUNTO--TERMO TÓPICO
Cabeçalho tópico ou nome geográfico Politica
9 (RLIN) 138
650 #0 - ASSUNTO--TERMO TÓPICO
Cabeçalho tópico ou nome geográfico Mistério
9 (RLIN) 42
655 #0 - TERMO DE ÍNDICE--GÊNERO E FORMA
Gênero/forma/ou termo foco Romance
655 #0 - TERMO DE ÍNDICE--GÊNERO E FORMA
Gênero/forma/ou termo foco Ficção
700 ## - ENTRADA ADICIONADA - NOME PESSOAL
Nome pessoal Cristina Magalhães Machado
Função do autor por extenso Tradutor
9 (RLIN) 321
942 ## - ELEMENTOS DE ENTRADA ADICIONADOS (KOHA)
Fonte de classificação ou esquema de arquivamento Classificação decimal de Dewey
Ocultar no OPAC Não
Tipo de material Koha Livros
Holdings
Situação do descarte Situação das perdas Fonte de classificação ou esquema de arquivamento Status danificado Não pode ser emprestado Coleção Biblioteca de origem Biblioteca atual Localização na estante Data de aquisição Fonte de aquisição Total de empréstimos Número de chamada completo Código de barras Data de último acesso Data do preço efetivo Tipo de material Koha
    Classificação decimal de Dewey     Ficção Biblioteca Professor Eduardo Afonso de Castro Biblioteca Professor Eduardo Afonso de Castro Literatura Estrangeira 22.03.2010 doação   813 / C771.1vi 2025-13976 30.01.2025 30.01.2025 Livros

Powered by Koha